| 000 | 01257cam a2200337 a 4500 | ||
|---|---|---|---|
| 001 | 1835 | ||
| 003 | FISKH | ||
| 005 | 20231004104844.0 | ||
| 008 | 071218s2009 nyua b 001 0 eng | ||
| 010 | _a 2007051894 | ||
| 020 | _a0531138321 (hbk.) | ||
| 020 | _a9780531138328 (hbk.) | ||
| 040 |
_aDLC _cDLC _dDLC _beng |
||
| 050 | 0 | 0 |
_aTD176 _b.H63 2009 |
| 082 | 0 | 0 |
_a363.73 _222 |
| 100 | 1 |
_aHock, Peggy, _d1948- |
|
| 245 | 1 | 0 |
_aOur earth making less trash / _bkeeping it clean / _cby Peggy Hock. |
| 260 |
_aNew York : _bScholastic, _c2009. |
||
| 300 |
_a24 pages : _bcolor illustrations ; _c22 cm. |
||
| 490 | 0 | _aScholastic news nonfiction readers | |
| 505 | _aJ | ||
| 520 | _aProvides an introduction to trash and the importance of people following the three Rs: reduce, reuse and recycle. | ||
| 521 | 8 |
_a500
_bLexile |
|
| 521 | 8 |
_aJ
_bRaz-Plus |
|
| 650 | 0 |
_aPollution _vJuvenile literature. |
|
| 650 | 0 |
_aConservation of natural resources _vJuvenile literature. |
|
| 856 | 4 | 1 |
_3Table of contents only _uhttp://www.loc.gov/catdir/toc/ecip087/2007051894.html |
| 906 |
_a7 _bcbc _corignew _d1 _eecip _f20 _gy-gencatlg |
||
| 942 |
_2ddc _cBK _n0 |
||
| 999 |
_c1835 _d1835 |
||